Let the Games beGay! : bewengende momente bei sportereignissien der besonderem art

محفوظ في:
التفاصيل البيبلوغرافية
مؤلفون آخرون: Braun, Philipp, Bosch, Heike
التنسيق: كتاب
اللغة:الإنجليزية
منشور في: Stuttgart Gatzanis 2005
الوسوم: إضافة وسم
لا توجد وسوم, كن أول من يضع وسما على هذه التسجيلة!

MARC

LEADER 00000nam a2200000 4500
005 20231125224141.0
008 231123b |||||||| |||| 00| 0 eng d
020 |a 3932855116 
040 |c C 
245 |a Let the Games beGay!  |b : bewengende momente bei sportereignissien der besonderem art 
260 |a Stuttgart  |b Gatzanis  |c 2005 
700 |a Braun, Philipp 
700 |a Bosch, Heike 
942 |2 ddc  |c BK  |n 0 
952 |0 0  |1 0  |2 ddc  |4 0  |6 834_910000000000000_BRA_LET  |7 1  |9 329  |a GE  |b GE  |d 2015-12-10  |l 0  |o 834.91 BRA LET  |p 2941  |r 2023-11-23 12:42:34  |w 2023-11-23  |y BK 
999 |c 238  |d 238